000 00588 a2200241 4500
260 _aCotonou
100 _aGANDONOU, Yannick Y. Y.
700 _aDOHOU VIDEGNON, Armando
260 _bENEAM
300 _b43 p
245 _aLa pratique de la comptabilité générale à la poste du Bénin sa: Analyses et suggestions
650 _aCOMPTABILITE GESTION
650 _aCOMPTABILITE GENERALE
650 _aPOSTE DU BENIN
650 _aANALYSES
650 _aSUGGESTION
260 _c2007
130 _lFr
500 _a1 ex
040 _aENEAM
999 _c9742
_d9742